[Event "Praha"]
[Site "?"]
[Date "2023.01.08"]
[Round "4.16"]
[White "Mach, Petr"]
[Black "Chubakov, Sultan"]
[Result "1/2-1/2"]
[BlackElo "2039"]
[WhiteElo "2205"]
[LiveChessVersion "1.4.8"]

1. Nf3 {[%clk 1:30:57]} d5 {[%clk 1:30:45]} 2. g3 {[%clk 1:31:25]} Nd7
{[%clk 1:31:05]} 3. d4 {[%clk 1:31:48]} Nb6 {[%clk 1:31:24]} 4. Bg2
{[%clk 1:31:38]} Bf5 {[%clk 1:31:19]} 5. O-O {[%clk 1:31:50]} e6 {[%clk 1:29:49]}
6. a4 {[%clk 1:29:30]} a5 {[%clk 1:29:25]} 7. b3 {[%clk 1:27:21]} h6
{[%clk 1:24:57]} 8. c4 {[%clk 1:10:01]} c6 {[%clk 1:13:52]} 9. Ne5
{[%clk 1:00:53]} Nf6 {[%clk 1:08:47]} 10. Bb2 {[%clk 1:00:02]} Nfd7
{[%clk 1:03:31]} 11. Nd2 {[%clk 0:55:24]} Bb4 {[%clk 0:47:04]} 12. e4
{[%clk 0:53:38]} dxe4 {[%clk 0:45:58]} 13. Nxe4 {[%clk 0:53:56]} O-O
{[%clk 0:34:58]} 14. Qe2 {[%clk 0:34:38]} Nxe5 {[%clk 0:28:55]} 15. dxe5
{[%clk 0:34:39]} Bxe4 {[%clk 0:27:36]} 16. Bxe4 {[%clk 0:32:53]} Qe7
{[%clk 0:26:53]} 17. Bc2 {[%clk 0:30:19]} Rfd8 {[%clk 0:25:09]} 18. Qe4
{[%clk 0:24:13]} g6 {[%clk 0:25:03]} 19. Rad1 {[%clk 0:16:23]} Rxd1
{[%clk 0:16:15]} 20. Rxd1 {[%clk 0:16:48]} Rd8 {[%clk 0:16:10]} 21. Rd3
{[%clk 0:04:28]} Rxd3 {[%clk 0:08:22]} 22. Qxd3 {[%clk 0:04:51]} Nd7
{[%clk 0:07:51]} 23. Qe3 {[%clk 0:04:25]} Ba3 {[%clk 0:07:01]} 24. Bc3
{[%clk 0:02:56]} Bb4 {[%clk 0:06:38]} 25. Bb2 {[%clk 0:03:20]} Ba3
{[%clk 0:07:01]} 26. Bc3 {[%clk 0:02:15]} Bb4 {[%clk 0:07:24]} 27. Bb2
{[%clk 0:02:37]} 1/2-1/2

[Event "Praha"]
[Site "?"]
[Date "2023.01.08"]
[Round "4.17"]
[White "Zvolensky, David"]
[Black "Tolmacevs, Artjoms"]
[Result "1/2-1/2"]
[BlackElo "1974"]
[WhiteElo "2204"]
[LiveChessVersion "1.4.8"]

1. c4 {[%clk 1:30:49]} Nf6 {[%clk 1:30:49]} 2. Nc3 {[%clk 1:31:06]} c5
{[%clk 1:31:11]} 3. Nf3 {[%clk 1:31:27]} Nc6 {[%clk 1:31:09]} 4. e3
{[%clk 1:28:59]} g6 {[%clk 1:27:03]} 5. d4 {[%clk 1:27:19]} cxd4 {[%clk 1:26:40]}
6. exd4 {[%clk 1:27:47]} d5 {[%clk 1:17:36]} 7. Be3 {[%clk 1:08:40]} Bg7
{[%clk 1:16:16]} 8. h3 {[%clk 1:08:14]} O-O {[%clk 1:14:30]} 9. Be2
{[%clk 1:08:33]} e6 {[%clk 1:10:34]} 10. O-O {[%clk 1:08:38]} b6 {[%clk 1:02:05]}
11. b3 {[%clk 0:47:43]} Bb7 {[%clk 0:58:57]} 12. Rc1 {[%clk 0:46:22]} Rc8
{[%clk 0:57:19]} 13. Ne5 {[%clk 0:36:04]} Nxe5 {[%clk 0:53:34]} 14. dxe5
{[%clk 0:36:33]} Ne4 {[%clk 0:49:41]} 15. Nxe4 {[%clk 0:37:02]} dxe4
{[%clk 0:50:03]} 16. Qxd8 {[%clk 0:26:49]} Rfxd8 {[%clk 0:49:51]} 17. Bf4
{[%clk 0:26:32]} Rd7 {[%clk 0:47:28]} 18. Rfd1 {[%clk 0:26:29]} Rcc7
{[%clk 0:44:52]} 19. c5 {[%clk 0:22:54]} bxc5 {[%clk 0:36:29]} 20. Rxd7
{[%clk 0:23:13]} Rxd7 {[%clk 0:36:49]} 21. Rxc5 {[%clk 0:23:28]} Bf8
{[%clk 0:36:52]} 22. Ra5 {[%clk 0:23:29]} Bd5 {[%clk 0:23:28]} 23. Be3
{[%clk 0:21:59]} Bg7 {[%clk 0:23:16]} 24. Rxa7 {[%clk 0:22:26]} Rxa7
{[%clk 0:23:33]} 25. Bxa7 {[%clk 0:22:54]} Bxe5 {[%clk 0:23:53]} 26. Bc5
{[%clk 0:20:31]} f5 {[%clk 0:19:31]} 27. Bd1 {[%clk 0:18:01]} Bc3
{[%clk 0:17:52]} 28. a4 {[%clk 0:17:33]} f4 {[%clk 0:17:45]} 29. b4
{[%clk 0:10:35]} Bc4 {[%clk 0:17:41]} 30. b5 {[%clk 0:10:58]} Bd2
{[%clk 0:17:37]} 31. b6 {[%clk 0:10:10]} Ba6 {[%clk 0:18:01]} 32. Be2
{[%clk 0:10:10]} Bb7 {[%clk 0:17:53]} 33. f3 {[%clk 0:08:48]} e3 {[%clk 0:17:07]}
34. Bd3 {[%clk 0:08:10]} Ba5 {[%clk 0:16:35]} 35. h4 {[%clk 0:07:14]} h6
{[%clk 0:15:55]} 36. Kf1 {[%clk 0:05:58]} Kf7 {[%clk 0:16:00]} 37. Ke2
{[%clk 0:05:49]} Kf6 {[%clk 0:12:47]} 38. Be4 {[%clk 0:05:45]} Ba6+
{[%clk 0:13:08]} 39. Bd3 {[%clk 0:06:14]} Bb7 {[%clk 0:13:27]} 40. g4
{[%clk 0:01:05]} g5 {[%clk 0:06:29]} 41. Bd4+ {[%clk 0:06:09]} e5
{[%clk 0:33:20]} 42. hxg5+ {[%clk 0:06:38]} hxg5 {[%clk 0:33:49]} 43. Bc5
{[%clk 0:07:07]} Ke6 {[%clk 0:30:52]} 44. Bf5+ {[%clk 0:07:28]} Kd5
{[%clk 0:19:41]} 45. Ba3 {[%clk 0:06:21]} Kd4 {[%clk 0:19:11]} 46. Bb2+
{[%clk 0:06:41]} Kc4 {[%clk 0:12:48]} 47. Bxe5 {[%clk 0:06:36]} Bxb6
{[%clk 0:13:00]} 48. Bd3+ {[%clk 0:06:38]} Kb4 {[%clk 0:12:26]} 49. Bf6
{[%clk 0:06:52]} Bc7 {[%clk 0:10:56]} 50. Bxg5 {[%clk 0:06:33]} Kxa4
{[%clk 0:07:55]} 51. Bf6 {[%clk 0:06:58]} Bd5 {[%clk 0:08:08]} 52. Bd4
{[%clk 0:06:48]} Bd8 {[%clk 0:07:20]} 53. Bc3 {[%clk 0:04:05]} Bg5
{[%clk 0:06:54]} 54. Be1 {[%clk 0:04:31]} Kb3 {[%clk 0:07:05]} 55. Bb5
{[%clk 0:02:07]} Bc4+ {[%clk 0:06:23]} 56. Bxc4+ {[%clk 0:02:24]} Kxc4
{[%clk 0:06:48]} 57. Ba5 {[%clk 0:02:19]} Kd4 {[%clk 0:06:56]} 58. Bb6+
{[%clk 0:02:42]} Kc4 {[%clk 0:07:15]} 59. Bc7 {[%clk 0:02:54]} Kd4
{[%clk 0:07:36]} 60. Bd6 {[%clk 0:03:17]} Kc4 {[%clk 0:07:46]} 61. Bf8
{[%clk 0:03:18]} Kd4 {[%clk 0:08:07]} 62. Bg7+ {[%clk 0:03:47]} Kc4
{[%clk 0:08:27]} 63. Bh8 {[%clk 0:04:11]} Bh4 {[%clk 0:07:53]} 64. Be5
{[%clk 0:04:34]} Bg5 {[%clk 0:08:19]} 65. Bg7 {[%clk 0:05:00]} Kd5
{[%clk 0:08:30]} 66. Kd3 {[%clk 0:05:20]} Ke6 {[%clk 0:08:18]} 67. Bc3
{[%clk 0:04:54]} Kd5 {[%clk 0:08:36]} 68. Ba5 {[%clk 0:04:20]} Ke5
{[%clk 0:08:49]} 69. Bc7+ {[%clk 0:04:43]} Kd5 {[%clk 0:09:09]} 70. Bb8
{[%clk 0:05:09]} Ke6 {[%clk 0:09:30]} 71. Bc7 {[%clk 0:03:52]} Kd5
{[%clk 0:09:54]} 72. Ba5 {[%clk 0:03:52]} Ke5 {[%clk 0:10:14]} 73. Bc3+
{[%clk 0:04:04]} Kd5 {[%clk 0:10:38]} 74. Be1 {[%clk 0:04:31]} Ke5
{[%clk 0:11:01]} 75. Kc4 {[%clk 0:04:54]} Be7 {[%clk 0:09:21]} 76. Bc3+
{[%clk 0:05:11]} Ke6 {[%clk 0:09:44]} 77. Kd4 {[%clk 0:05:19]} Bf6+
{[%clk 0:09:22]} 78. Kd3 {[%clk 0:05:48]} Bxc3 {[%clk 0:09:41]} 1/2-1/2

[Event "Praha"]
[Site "?"]
[Date "2023.01.08"]
[Round "4.18"]
[White "Jansen, Bob"]
[Black "Evenshaug, Amadeus Hestvik"]
[Result "1-0"]
[BlackElo "1731"]
[WhiteElo "2194"]
[LiveChessVersion "1.4.8"]

1. e4 {[%clk 1:30:52]} c5 {[%clk 1:30:49]} 2. d4 {[%clk 1:30:01]} cxd4
{[%clk 1:31:13]} 3. c3 {[%clk 1:30:30]} dxc3 {[%clk 1:31:26]} 4. Nxc3
{[%clk 1:30:57]} Nc6 {[%clk 1:30:56]} 5. Nf3 {[%clk 1:31:25]} d6 {[%clk 1:30:24]}
6. Bc4 {[%clk 1:31:49]} e6 {[%clk 1:30:27]} 7. O-O {[%clk 1:32:09]} Nf6
{[%clk 1:30:18]} 8. Qe2 {[%clk 1:32:28]} Be7 {[%clk 1:26:14]} 9. Rd1
{[%clk 1:32:33]} Qc7 {[%clk 1:20:02]} 10. Bf4 {[%clk 1:21:47]} e5
{[%clk 1:17:00]} 11. Be3 {[%clk 1:21:57]} O-O {[%clk 1:16:19]} 12. Rac1
{[%clk 1:22:19]} Bg4 {[%clk 1:11:55]} 13. h3 {[%clk 1:19:00]} Bxf3
{[%clk 1:07:41]} 14. Qxf3 {[%clk 1:19:28]} h6 {[%clk 1:06:33]} 15. g4
{[%clk 1:08:34]} Rac8 {[%clk 1:02:47]} 16. Be2 {[%clk 0:55:40]} Qa5
{[%clk 1:00:06]} 17. h4 {[%clk 0:53:24]} Nh7 {[%clk 0:53:51]} 18. Qg3
{[%clk 0:21:04]} Qd8 {[%clk 0:53:47]} 19. h5 {[%clk 0:21:27]} Bh4
{[%clk 0:53:04]} 20. Qh2 {[%clk 0:18:32]} Bg5 {[%clk 0:52:41]} 21. Nd5
{[%clk 0:15:04]} Bxe3 {[%clk 0:52:03]} 22. fxe3 {[%clk 0:15:21]} Nf6
{[%clk 0:51:12]} 23. Nc3 {[%clk 0:15:15]} Qb6 {[%clk 0:50:52]} 24. Qf2
{[%clk 0:15:08]} Qxb2 {[%clk 0:47:49]} 25. g5 {[%clk 0:14:51]} hxg5
{[%clk 0:48:12]} 26. h6 {[%clk 0:14:51]} Nd4 {[%clk 0:47:40]} 27. hxg7
{[%clk 0:12:10]} Nxe2+ {[%clk 0:45:38]} 28. Qxe2 {[%clk 0:11:54]} Qa3
{[%clk 0:43:23]} 29. gxf8=Q+ {[%clk 0:11:43]} Kxf8 {[%clk 0:43:46]} 30. Qd2
{[%clk 0:09:07]} 1-0

[Event "Praha"]
[Site "?"]
[Date "2023.01.08"]
[Round "4.19"]
[White "Mitusov, Semen"]
[Black "Zielonka, Adam"]
[Result "1-0"]
[BlackElo "2053"]
[WhiteElo "2397"]
[LiveChessVersion "1.4.8"]

1. e4 {[%clk 1:28:52]} c5 {[%clk 1:30:47]} 2. Nf3 {[%clk 1:29:03]} e6
{[%clk 1:31:05]} 3. d4 {[%clk 1:29:11]} cxd4 {[%clk 1:31:25]} 4. Nxd4
{[%clk 1:29:38]} Nc6 {[%clk 1:31:37]} 5. Nc3 {[%clk 1:29:11]} a6 {[%clk 1:31:42]}
6. Be3 {[%clk 1:29:07]} Nf6 {[%clk 1:32:02]} 7. a3 {[%clk 1:23:44]} Be7
{[%clk 1:31:53]} 8. f4 {[%clk 1:18:33]} d6 {[%clk 1:31:42]} 9. Bd3
{[%clk 1:15:41]} O-O {[%clk 1:29:39]} 10. Nf3 {[%clk 1:13:01]} Qc7
{[%clk 1:19:07]} 11. h3 {[%clk 1:08:59]} b5 {[%clk 1:17:37]} 12. g4
{[%clk 1:07:26]} b4 {[%clk 1:04:36]} 13. axb4 {[%clk 1:02:26]} Nxb4
{[%clk 1:04:48]} 14. g5 {[%clk 1:01:46]} Nd7 {[%clk 1:04:38]} 15. f5
{[%clk 0:55:58]} exf5 {[%clk 1:01:21]} 16. exf5 {[%clk 0:54:48]} Bb7
{[%clk 0:53:54]} 17. Rg1 {[%clk 0:50:43]} Rfe8 {[%clk 0:49:09]} 18. Kd2
{[%clk 0:46:20]} Ne5 {[%clk 0:43:01]} 19. Nd4 {[%clk 0:42:49]} Nc4+
{[%clk 0:39:54]} 20. Bxc4 {[%clk 0:43:08]} Qxc4 {[%clk 0:40:20]} 21. Rg4
{[%clk 0:37:49]} Nd5 {[%clk 0:36:21]} 22. Nxd5 {[%clk 0:36:55]} Qxd5
{[%clk 0:36:39]} 23. Ra3 {[%clk 0:36:38]} Bd8 {[%clk 0:33:01]} 24. Kc1
{[%clk 0:35:44]} Bb6 {[%clk 0:32:37]} 25. g6 {[%clk 0:35:57]} Re4
{[%clk 0:27:00]} 26. gxf7+ {[%clk 0:33:17]} Kxf7 {[%clk 0:26:57]} 27. Rxe4
{[%clk 0:30:48]} Qxe4 {[%clk 0:27:23]} 28. Rb3 {[%clk 0:31:02]} Bc5
{[%clk 0:26:05]} 29. Kb1 {[%clk 0:30:57]} Bd5 {[%clk 0:25:03]} 30. Rd3
{[%clk 0:24:24]} Re8 {[%clk 0:22:53]} 31. Qh5+ {[%clk 0:22:45]} Kg8
{[%clk 0:18:53]} 32. Ne6 {[%clk 0:20:48]} g6 {[%clk 0:17:07]} 33. fxg6
{[%clk 0:20:40]} hxg6 {[%clk 0:09:39]} 34. Qxd5 {[%clk 0:20:46]} Qxd5
{[%clk 0:09:00]} 35. Rxd5 {[%clk 0:21:10]} Rxe6 {[%clk 0:09:20]} 36. Bxc5
{[%clk 0:21:35]} dxc5 {[%clk 0:09:46]} 37. Rxc5 {[%clk 0:22:01]} Re3
{[%clk 0:10:10]} 38. h4 {[%clk 0:14:55]} Re4 {[%clk 0:09:55]} 39. h5
{[%clk 0:14:58]} gxh5 {[%clk 0:10:04]} 40. Rxh5 {[%clk 0:15:23]} Re6
{[%clk 0:09:52]} 41. Rf5 {[%clk 0:15:42]} Kg7 {[%clk 0:09:23]} 42. Ka2
{[%clk 0:15:49]} Kg6 {[%clk 0:09:41]} 43. Rf2 {[%clk 0:16:12]} Rb6
{[%clk 0:09:27]} 44. Ka3 {[%clk 0:16:27]} Rc6 {[%clk 0:09:30]} 45. b3
{[%clk 0:16:18]} 1-0

[Event "Praha"]
[Site "?"]
[Date "2023.01.08"]
[Round "4.20"]
[White "Serrano Salvador, Eduardo"]
[Black "Lauda, Alexandr"]
[Result "0-1"]
[BlackElo "2032"]
[WhiteElo "2288"]
[LiveChessVersion "1.4.8"]

1. d4 {[%clk 1:30:51]} Nf6 {[%clk 1:26:40]} 2. Nf3 {[%clk 1:31:04]} g6
{[%clk 1:27:01]} 3. c4 {[%clk 1:31:24]} Bg7 {[%clk 1:27:25]} 4. Nc3
{[%clk 1:31:40]} d6 {[%clk 1:27:46]} 5. Bg5 {[%clk 1:31:52]} h6 {[%clk 1:27:49]}
6. Bh4 {[%clk 1:32:12]} g5 {[%clk 1:28:10]} 7. Bg3 {[%clk 1:32:37]} Nh5
{[%clk 1:28:35]} 8. e3 {[%clk 1:32:51]} c5 {[%clk 1:28:10]} 9. dxc5
{[%clk 1:28:30]} Nxg3 {[%clk 1:26:48]} 10. hxg3 {[%clk 1:28:53]} dxc5
{[%clk 1:27:15]} 11. Qxd8+ {[%clk 1:29:07]} Kxd8 {[%clk 1:27:43]} 12. O-O-O+
{[%clk 1:29:23]} Bd7 {[%clk 1:28:09]} 13. Be2 {[%clk 1:26:16]} Nc6
{[%clk 1:25:49]} 14. Rd5 {[%clk 1:23:34]} Nb4 {[%clk 1:22:25]} 15. Rd2
{[%clk 1:22:28]} Kc7 {[%clk 1:18:48]} 16. Nd5+ {[%clk 1:12:16]} Nxd5
{[%clk 1:18:30]} 17. cxd5 {[%clk 1:12:39]} b5 {[%clk 1:17:37]} 18. Rhd1
{[%clk 1:08:03]} Kd6 {[%clk 1:17:27]} 19. e4 {[%clk 1:07:32]} f6 {[%clk 1:11:34]}
20. Nh2 {[%clk 1:01:33]} h5 {[%clk 1:08:02]} 21. g4 {[%clk 0:58:33]} hxg4
{[%clk 1:03:39]} 22. Nf1 {[%clk 0:58:46]} c4 {[%clk 1:01:03]} 23. g3
{[%clk 0:50:39]} f5 {[%clk 0:46:04]} 24. exf5 {[%clk 0:50:10]} Rac8
{[%clk 0:41:06]} 25. Ne3 {[%clk 0:47:17]} c3 {[%clk 0:38:51]} 26. bxc3
{[%clk 0:47:38]} Bxc3 {[%clk 0:39:03]} 27. Rc2 {[%clk 0:40:43]} b4
{[%clk 0:38:31]} 28. Bc4 {[%clk 0:37:49]} Rhf8 {[%clk 0:34:02]} 29. Rh1
{[%clk 0:28:17]} Rxf5 {[%clk 0:33:44]} 30. Ba6 {[%clk 0:24:09]} Rc5
{[%clk 0:29:45]} 31. Nxf5+ {[%clk 0:22:29]} Bxf5 {[%clk 0:30:08]} 32. Re2
{[%clk 0:22:18]} Bf6+ {[%clk 0:29:05]} 33. Kd1 {[%clk 0:22:07]} b3
{[%clk 0:27:25]} 34. Rh6 {[%clk 0:16:39]} Bc2+ {[%clk 0:26:18]} 35. Rxc2
{[%clk 0:17:01]} bxc2+ {[%clk 0:26:43]} 36. Kc1 {[%clk 0:17:27]} Kxd5
{[%clk 0:24:09]} 37. Rh1 {[%clk 0:17:51]} Kd4 {[%clk 0:23:24]} 38. Kd2
{[%clk 0:18:09]} Ra5 {[%clk 0:20:26]} 39. Bd3 {[%clk 0:18:21]} Rxa2
{[%clk 0:20:20]} 40. Bxc2 {[%clk 0:18:44]} Kc4 {[%clk 0:20:26]} 41. Rb1
{[%clk 0:09:50]} Bd4 {[%clk 0:19:47]} 42. Kd1 {[%clk 0:09:32]} Kc5
{[%clk 0:19:49]} 43. Rb7 {[%clk 0:03:10]} Bxf2 {[%clk 0:19:47]} 44. Rxe7
{[%clk 0:03:34]} Bxg3 {[%clk 0:20:07]} 45. Bf5 {[%clk 0:03:06]} Bd6
{[%clk 0:18:30]} 46. Rg7 {[%clk 0:02:30]} g3 {[%clk 0:18:29]} 47. Rxg5
{[%clk 0:02:48]} Bf4 {[%clk 0:18:19]} 48. Rh5 {[%clk 0:28:11]} Rd2+
{[%clk 0:48:11]} 49. Ke1 {[%clk 0:28:35]} g2 {[%clk 0:47:32]} 50. Bh3+
{[%clk 0:28:08]} Kb6 {[%clk 0:47:45]} 51. Bxg2 {[%clk 0:27:39]} Rxg2
{[%clk 0:48:11]} 52. Rf5 {[%clk 0:28:04]} Bd6 {[%clk 0:48:26]} 53. Kd1
{[%clk 0:28:28]} Bc5 {[%clk 0:48:45]} 54. Kc1 {[%clk 0:28:52]} a5
{[%clk 0:49:10]} 55. Kb1 {[%clk 0:29:17]} Kb5 {[%clk 0:49:37]} 56. Rf4
{[%clk 0:29:42]} a4 {[%clk 0:49:58]} 57. Rh4 {[%clk 0:29:57]} a3 {[%clk 0:50:22]}
58. Rf4 {[%clk 0:30:23]} Bb4 {[%clk 0:50:46]} 59. Rf3 {[%clk 0:30:36]} Kc4
{[%clk 0:51:03]} 0-1

[Event "Praha"]
[Site "?"]
[Date "2023.01.09"]
[Round "5.1"]
[White "Elmi, Saad Abobaker"]
[Black "Tobak, Mikhail"]
[Result "1-0"]
[BlackElo "2297"]
[WhiteElo "2326"]
[LiveChessVersion "1.4.8"]

1. Nf3 {[%clk 1:27:22]} Nf6 {[%clk 1:30:36]} 2. e3 {[%clk 1:26:57]} g6
{[%clk 1:30:46]} 3. b3 {[%clk 1:26:54]} d6 {[%clk 1:30:40]} 4. d4
{[%clk 1:26:41]} Bg7 {[%clk 1:30:28]} 5. Bb2 {[%clk 1:26:55]} O-O
{[%clk 1:30:03]} 6. Be2 {[%clk 1:27:01]} Nbd7 {[%clk 1:30:08]} 7. O-O
{[%clk 1:27:18]} e5 {[%clk 1:30:05]} 8. dxe5 {[%clk 1:27:23]} Ng4
{[%clk 1:30:23]} 9. c4 {[%clk 1:26:48]} Ngxe5 {[%clk 1:29:36]} 10. Nc3
{[%clk 1:26:32]} a5 {[%clk 1:24:42]} 11. Qd2 {[%clk 1:22:51]} Nc5
{[%clk 1:22:30]} 12. Rad1 {[%clk 1:18:43]} Bf5 {[%clk 1:16:18]} 13. Nxe5
{[%clk 1:03:52]} Bxe5 {[%clk 1:15:39]} 14. Nb5 {[%clk 0:52:42]} Qe7
{[%clk 1:10:25]} 15. Bxe5 {[%clk 0:47:58]} dxe5 {[%clk 1:10:43]} 16. Qb2
{[%clk 0:47:58]} Rfd8 {[%clk 1:04:13]} 17. Rd5 {[%clk 0:43:39]} Rxd5
{[%clk 0:49:08]} 18. cxd5 {[%clk 0:43:58]} Rd8 {[%clk 0:37:42]} 19. Nc3
{[%clk 0:42:28]} e4 {[%clk 0:33:13]} 20. Qd2 {[%clk 0:31:04]} c6 {[%clk 0:27:15]}
21. Qd4 {[%clk 0:24:04]} b5 {[%clk 0:17:37]} 22. Rd1 {[%clk 0:22:41]} Qf8
{[%clk 0:13:26]} 23. g4 {[%clk 0:19:36]} b4 {[%clk 0:11:19]} 24. gxf5
{[%clk 0:19:44]} bxc3 {[%clk 0:11:45]} 25. Qxc3 {[%clk 0:19:45]} cxd5
{[%clk 0:10:50]} 26. Qxa5 {[%clk 0:19:03]} gxf5 {[%clk 0:08:42]} 27. Kh1
{[%clk 0:18:48]} Qe7 {[%clk 0:05:49]} 28. Qc3 {[%clk 0:18:45]} f6
{[%clk 0:04:30]} 29. Rg1+ {[%clk 0:13:47]} Kh8 {[%clk 0:03:41]} 30. Qb4
{[%clk 0:13:56]} Qd6 {[%clk 0:01:46]} 31. Qd4 {[%clk 0:08:57]} Qe7
{[%clk 0:01:58]} 32. Qb4 {[%clk 0:08:36]} Qd6 {[%clk 0:02:08]} 33. Rc1
{[%clk 0:06:45]} Ne6 {[%clk 0:01:59]} 34. Qxd6 {[%clk 0:07:07]} Rxd6
{[%clk 0:02:26]} 35. a4 {[%clk 0:04:04]} f4 {[%clk 0:01:20]} 36. Bg4
{[%clk 0:04:01]} f3 {[%clk 0:00:56]} 37. a5 {[%clk 0:03:32]} Kg7 {[%clk 0:00:49]}
38. b4 {[%clk 0:03:31]} Nd8 {[%clk 0:00:37]} 39. b5 {[%clk 0:03:11]} d4
{[%clk 0:01:03]} 40. a6 {[%clk 0:02:55]} 1-0

[Event "Praha"]
[Site "?"]
[Date "2023.01.09"]
[Round "5.2"]
[White "Stevik, Patrik"]
[Black "Chen, Qi b"]
[Result "0-1"]
[BlackElo "2484"]
[WhiteElo "2222"]
[LiveChessVersion "1.4.8"]

1. Nf3 {[%clk 1:30:22]} d5 {[%clk 1:30:38]} 2. d4 {[%clk 1:30:14]} Nf6
{[%clk 1:31:01]} 3. c4 {[%clk 1:30:32]} e6 {[%clk 1:31:27]} 4. g3
{[%clk 1:30:09]} Be7 {[%clk 1:31:49]} 5. Bg2 {[%clk 1:30:23]} O-O
{[%clk 1:32:13]} 6. Nbd2 {[%clk 1:28:54]} c5 {[%clk 1:24:35]} 7. O-O
{[%clk 1:26:08]} Nc6 {[%clk 1:19:16]} 8. cxd5 {[%clk 1:23:45]} exd5
{[%clk 1:17:13]} 9. dxc5 {[%clk 1:22:11]} Bxc5 {[%clk 1:17:37]} 10. Nb3
{[%clk 1:21:58]} Bb6 {[%clk 1:17:42]} 11. Bg5 {[%clk 1:15:52]} h6
{[%clk 1:15:38]} 12. Bxf6 {[%clk 1:09:09]} Qxf6 {[%clk 1:16:03]} 13. Qxd5
{[%clk 1:09:15]} Rd8 {[%clk 1:07:06]} 14. Qb5 {[%clk 1:06:59]} Qxb2
{[%clk 1:05:18]} 15. Rfb1 {[%clk 0:57:51]} Qf6 {[%clk 1:02:14]} 16. Rd1
{[%clk 0:56:26]} Be6 {[%clk 0:56:33]} 17. a4 {[%clk 0:42:43]} Rxd1+
{[%clk 0:46:34]} 18. Rxd1 {[%clk 0:43:09]} Rd8 {[%clk 0:46:55]} 19. Nbd2
{[%clk 0:25:31]} Rd5 {[%clk 0:33:46]} 20. Qb1 {[%clk 0:24:38]} Qd8
{[%clk 0:34:07]} 21. Qb2 {[%clk 0:20:32]} Ba5 {[%clk 0:24:18]} 22. Qxb7
{[%clk 0:18:27]} Ne7 {[%clk 0:23:30]} 23. h3 {[%clk 0:13:50]} Nc8
{[%clk 0:18:45]} 24. Qb2 {[%clk 0:12:10]} Nb6 {[%clk 0:18:06]} 25. Kh2
{[%clk 0:11:32]} Nc4 {[%clk 0:07:30]} 26. Nxc4 {[%clk 0:11:32]} Rxd1
{[%clk 0:07:57]} 27. Nxa5 {[%clk 0:07:10]} Qxa5 {[%clk 0:08:25]} 28. Qb8+
{[%clk 0:07:07]} Rd8 {[%clk 0:07:51]} 29. Qf4 {[%clk 0:07:26]} Bb3
{[%clk 0:07:01]} 30. Ne5 {[%clk 0:05:09]} Re8 {[%clk 0:05:48]} 31. Nc6
{[%clk 0:05:11]} Qxa4 {[%clk 0:06:10]} 32. Qc7 {[%clk 0:04:14]} Qc4
{[%clk 0:03:08]} 33. Qxa7 {[%clk 0:03:25]} Qxe2 {[%clk 0:02:52]} 34. Qd4
{[%clk 0:01:59]} Bc2 {[%clk 0:02:32]} 35. Qf4 {[%clk 0:00:56]} Be4
{[%clk 0:02:20]} 36. Ne5 {[%clk 0:01:09]} f6 {[%clk 0:01:29]} 37. Bxe4
{[%clk 0:00:36]} Rxe5 {[%clk 0:01:53]} 38. Bg6 {[%clk 0:00:37]} Qb5
{[%clk 0:00:42]} 39. Qd4 {[%clk 0:00:33]} Qb8 {[%clk 0:01:02]} 40. Qc4+
{[%clk 0:00:35]} Kh8 {[%clk 0:01:28]} 41. h4 {[%clk 0:27:11]} Qf8
{[%clk 0:30:47]} 42. Qf4 {[%clk 0:23:29]} Qc5 {[%clk 0:30:14]} 43. h5
{[%clk 0:19:31]} Kg8 {[%clk 0:29:09]} 44. Qf3 {[%clk 0:18:52]} Rd5
{[%clk 0:27:32]} 45. Kg2 {[%clk 0:16:49]} Rd8 {[%clk 0:27:42]} 46. Qg4
{[%clk 0:15:56]} Kf8 {[%clk 0:27:07]} 47. Qe2 {[%clk 0:14:26]} Qd5+
{[%clk 0:27:27]} 48. Kh2 {[%clk 0:14:13]} Kg8 {[%clk 0:25:13]} 49. Qe7
{[%clk 0:13:14]} Kh8 {[%clk 0:24:11]} 50. Qc7 {[%clk 0:10:52]} Qd6
{[%clk 0:24:11]} 51. Qc3 {[%clk 0:09:15]} Qd4 {[%clk 0:23:43]} 52. Qf3
{[%clk 0:09:25]} Rf8 {[%clk 0:24:00]} 53. Kg2 {[%clk 0:08:40]} Qe5
{[%clk 0:24:25]} 54. Qa3 {[%clk 0:08:13]} Rd8 {[%clk 0:24:41]} 55. Qf3
{[%clk 0:07:09]} Kg8 {[%clk 0:24:32]} 56. Kh2 {[%clk 0:06:51]} Qc5
{[%clk 0:23:33]} 57. Qe2 {[%clk 0:06:36]} Rf8 {[%clk 0:23:36]} 58. Qe6+
{[%clk 0:05:18]} Kh8 {[%clk 0:24:03]} 59. Kg2 {[%clk 0:04:37]} f5
{[%clk 0:23:03]} 60. f4 {[%clk 0:03:51]} Qc2+ {[%clk 0:22:16]} 61. Kh3
{[%clk 0:03:52]} Qd3 {[%clk 0:22:25]} 62. Be8 {[%clk 0:02:23]} Qf1+
{[%clk 0:20:05]} 63. Kh2 {[%clk 0:02:49]} Qf2+ {[%clk 0:20:32]} 64. Kh3
{[%clk 0:03:13]} Qg1 {[%clk 0:20:51]} 65. Bc6 {[%clk 0:03:29]} Qd1
{[%clk 0:21:05]} 66. Qg6 {[%clk 0:03:16]} Rf6 {[%clk 0:21:09]} 67. Qe8+
{[%clk 0:03:43]} Kh7 {[%clk 0:21:35]} 68. Bg2 {[%clk 0:02:56]} Rd6
{[%clk 0:21:31]} 69. Kh2 {[%clk 0:02:04]} Qg4 {[%clk 0:21:50]} 70. Qf7
{[%clk 0:00:33]} Rd3 {[%clk 0:22:08]} 71. Kh1 {[%clk 0:00:38]} Rxg3
{[%clk 0:22:03]} 72. Qe8 {[%clk 0:00:58]} Qh4+ {[%clk 0:21:37]} 73. Kg1
{[%clk 0:01:26]} Qxf4 {[%clk 0:21:57]} 74. Kh1 {[%clk 0:01:43]} Qh4+
{[%clk 0:22:20]} 75. Kg1 {[%clk 0:02:10]} Qg5 {[%clk 0:22:46]} 76. Kh1
{[%clk 0:02:30]} Rg4 {[%clk 0:22:57]} 0-1

[Event "Praha"]
[Site "?"]
[Date "2023.01.09"]
[Round "5.3"]
[White "Oye-Stromberg, Alexander"]
[Black "Baumegger, Siegfried"]
[Result "0-1"]
[BlackElo "2439"]
[WhiteElo "2254"]
[LiveChessVersion "1.4.8"]

1. e4 {[%clk 1:30:42]} c5 {[%clk 1:30:42]} 2. Nf3 {[%clk 1:30:32]} Nc6
{[%clk 1:31:01]} 3. d4 {[%clk 1:30:33]} cxd4 {[%clk 1:31:24]} 4. Nxd4
{[%clk 1:30:56]} g6 {[%clk 1:31:33]} 5. Nc3 {[%clk 1:30:10]} Bg7 {[%clk 1:31:52]}
6. Be3 {[%clk 1:30:31]} Nf6 {[%clk 1:32:09]} 7. Bc4 {[%clk 1:30:28]} O-O
{[%clk 1:32:20]} 8. Bb3 {[%clk 1:29:50]} d6 {[%clk 1:32:22]} 9. f3
{[%clk 1:29:26]} Bd7 {[%clk 1:32:27]} 10. Qd2 {[%clk 1:29:02]} Nxd4
{[%clk 1:31:50]} 11. Bxd4 {[%clk 1:29:07]} b5 {[%clk 1:32:03]} 12. a4
{[%clk 1:07:36]} b4 {[%clk 1:28:48]} 13. Ne2 {[%clk 1:07:30]} a5 {[%clk 1:25:12]}
14. h4 {[%clk 1:00:50]} Be6 {[%clk 1:06:19]} 15. h5 {[%clk 0:46:22]} Bxb3
{[%clk 1:05:16]} 16. cxb3 {[%clk 0:46:19]} e5 {[%clk 1:05:28]} 17. Be3
{[%clk 0:46:18]} d5 {[%clk 1:05:16]} 18. hxg6 {[%clk 0:26:03]} fxg6
{[%clk 0:58:02]} 19. exd5 {[%clk 0:25:33]} Qxd5 {[%clk 0:57:49]} 20. Qxd5+
{[%clk 0:24:44]} Nxd5 {[%clk 0:58:13]} 21. Bh6 {[%clk 0:24:24]} Bxh6
{[%clk 0:54:14]} 22. Rxh6 {[%clk 0:24:49]} Ne3 {[%clk 0:52:13]} 23. Rc1
{[%clk 0:24:59]} Rac8 {[%clk 0:41:27]} 24. Rxc8 {[%clk 0:12:26]} Rxc8
{[%clk 0:40:28]} 25. Kf2 {[%clk 0:12:45]} Nf5 {[%clk 0:37:57]} 26. Rh1
{[%clk 0:13:11]} Rc2 {[%clk 0:38:14]} 27. Rc1 {[%clk 0:13:37]} Rxb2
{[%clk 0:37:05]} 28. Rc5 {[%clk 0:13:47]} e4 {[%clk 0:31:14]} 29. Ke1
{[%clk 0:11:58]} e3 {[%clk 0:30:23]} 30. g4 {[%clk 0:08:17]} Nh4 {[%clk 0:29:58]}
0-1